Sushiettibile /

সংরক্ষণ করুন:
গ্রন্থ-পঞ্জীর বিবরন
প্রধান লেখক: Sernagiotto, Camilla
বিন্যাস: গ্রন্থ
ভাষা:ইতালিয়
প্রকাশিত: Roma : Robin, 2009
মালা:I libri da scoprire
ট্যাগগুলো: ট্যাগ যুক্ত করুন
কোনো ট্যাগ নেই, প্রথমজন হিসাবে ট্যাগ করুন!

MARC

LEADER 00000nam a2200000 i 4500
001 IT\ICCU\CFI\0743090
003 ItRI
005 20260115232139.0
008 091229s2009 it |||||| ||||| |||||c
015 |2 IT  |a 2009-10121 
020 |a 9788873715436 
040 |b ita  |c importazione bologna sebina 
041 7 |a ita  |2 ISO-639-2 
100 1 |a Sernagiotto, Camilla  |0 IT\ICCU\CFIV\249697 
245 1 0 |a Sushiettibile /  |c Camilla Sernagiotto. 
260 |a Roma :  |b Robin,  |c 2009 
300 |a 238 p. ;  |c 20 cm 
830 2 |a I libri da scoprire  |0 IT\ICCU\LO1\0925354 
942 |2 ddc  |c BK  |n 0 
952 |0 0  |1 0  |4 0  |6 DOC_853_920000000000000_SER  |7 0  |9 20870  |a BO  |b BO  |d 2026-01-15  |i 13914  |l 0  |o DOC 853.92 SER  |p BO13914  |r 2026-01-15 23:21:39  |w 2026-01-15  |x [Sebina 5] [1 v.]  |y BK  |z 1 v. 
999 |c 17830  |d 17830